Normal view
MARC view
Entry Personal Name
001 - CONTROL NUMBER
- control field: 34747
003 - CONTROL NUMBER IDENTIFIER
- control field: OSt
005 - DATE AND TIME OF LATEST TRANSACTION
- control field: 20221226153653.0
008 - FIXED-LENGTH DATA ELEMENTS
- fixed length control field: 221226|| aca||aabn | a|a d
040 ## - CATALOGING SOURCE
- Original cataloging agency: OSt
- Transcribing agency: OSt
100 ## - HEADING--PERSONAL NAME
- Personal name: Morris, Kevin and Miller, Peter
670 ## - SOURCE DATA FOUND
- Source citation: Work cat.: (OSt)520693: Morris, Kevin and Miller, Peter , Voting in a pandemic: Covid-19 and primary turnout in Milwaukee, Wisconsin
